[Event "London CSC 5-Day U2050 op 10th"]
[Site "London"]
[Date "2018.12.13"]
[Round "5"]
[White "Szymanski, Mark"]
[Black "Hubbard, Michael"]
[Result "0-1"]
[WhiteElo "1872"]
[BlackElo "1972"]
[PlyCount "92"]
[EventDate "2018.12.09"]
[EventType "swiss"]
[EventRounds "5"]
[EventCountry "ENG"]
[SourceTitle "EXT 2020"]
[Source "ChessBase"]
[SourceDate "2019.10.17"]
[SourceVersion "1"]
[SourceVersionDate "2019.10.17"]
[SourceQuality "1"]

1. c4 e5 2. g3 d6 3. Bg2 Nc6 4. Nc3 Be6 5. d3 Qd7 6. Nf3 Bh3 7. 0-0 g6 8. Nd5 Bxg2 9. Kxg2 Bg7 10. e4 Nd8 11. Be3 c6 12. Nc3 Nf6 13. d4 Ng4 14. dxe5 Nxe3+ 15. fxe3 dxe5 16. Qxd7+ Kxd7 17. Rad1+ Ke7 18. Rd2 Ne6 19. Rfd1 Rad8 20. b4 f6 21. h4 h5 22. Ne1 Rxd2+ 23. Rxd2 Rd8 24. Rxd8 Kxd8 25. Nd3 Kc7 26. Kf3 Bh6 27. b5 Kb6 28. bxc6 bxc6 29. Na4+ Ka5 30. Nab2 Nf8 31. c5 Kb5 32. a4+ Ka5 33. Nc4+ Kxa4 34. Nd6 a5 35. Ke2 Nd7 36. Kd2 Kb3 37. Nc1+ Ka3 38. Nd3 Kb3 39. Nc1+ Ka4 40. Nd3 Bf8 41. Nb2+ Kb3 42. Nd3 Bxd6 43. cxd6 a4 44. Nc1+ Kc4 45. Nd3 a3 46. Nc1 Kc5 0-1

[Event "GBR-ch Major 105th"]
[Site "Hull"]
[Date "2018.08.03"]
[Round "7"]
[White "Hubbard, Michael"]
[Black "Boswell, Jacob Connor"]
[Result "1-0"]
[WhiteElo "1888"]
[BlackElo "1992"]
[PlyCount "175"]
[EventDate "2018.07.28"]
[EventType "swiss"]
[EventRounds "9"]
[EventCountry "ENG"]
[SourceTitle "CBM 185 Extra"]
[Source "ChessBase"]
[SourceDate "2018.07.29"]
[SourceVersion "1"]
[SourceVersionDate "2018.07.29"]
[SourceQuality "1"]

1. Nf3 Nf6 2. g3 d5 3. Bg2 e6 4. d3 Be7 5. 0-0 0-0 6. Nbd2 c5 7. e4 Nc6 8. Re1 b5 9. e5 Nd7 10. Nf1 Bb7 11. Bf4 Qc7 12. h4 Rfc8 13. N1h2 Bf8 14. h5 h6 15. Qd2 Qd8 16. Qe2 Kh8 17. g4 Be7 18. Qd2 Kh7 19. g5 hxg5 20. Nxg5+ Bxg5 21. Bxg5 Qf8 22. Ng4 Nd4 23. c3 Nf5 24. c4 Rc7 25. cxd5 Bxd5 26. Bxd5 exd5 27. Qf4 Nd4 28. Rad1 Rc6 29. Kg2 Ne6 30. Qf5+ Kg8 31. Be3 f6 32. h6 fxe5 33. Qxf8+ Rxf8 34. hxg7 Nxg7 35. Nh6+ Kh7 36. Rh1 Kg6 37. Rdg1 Nf5 38. Kf1+ Kf6 39. Nxf5 Kxf5 40. Rg5+ Ke6 41. Rh7 d4 42. Bd2 a6 43. a3 Rf7 44. Rh6+ Rf6 45. Rh8 Nf8 46. Ke2 Rc7 47. Rgg8 Rcf7 48. f4 exf4 49. Kf3 Ng6 50. Re8+ Kd6 51. Rh5 Rf5 52. Rh6 R7f6 53. Ra8 Kd5 54. Rd8+ Kc6 55. Rc8+ Kb7 56. Re8 Ne5+ 57. Rxe5 Rxh6 58. Rxf5 Rh3+ 59. Ke4 Rh2 60. Bxf4 Rxb2 61. Rxc5 Rb3 62. Bc1 Kb6 63. Rc8 Kb7 64. Rc2 Kb6 65. Kxd4 a5 66. Rb2 Rxa3 67. Rxb5+ Kxb5 68. Bxa3 Ka4 69. Bd6 Kb5 70. Ke5 a4 71. Ba3 Kb6 72. Ke6 Kc7 73. d4 Kd8 74. Kd6 Kc8 75. Ke7 Kc7 76. d5 Kb6 77. d6 Kb5 78. d7 Kc4 79. d8Q Kb3 80. Qd6 Kc4 81. Ke6 Kc3 82. Ke5 Kc2 83. Qd4 Kb3 84. Qc5 Ka2 85. Kd4 Kb3 86. Kd3 Ka2 87. Qb4 Ka1 88. Qb2# 1-0

[Event "Gibraltar Challengers-B"]
[Site "Caleta"]
[Date "2018.01.27"]
[Round "1"]
[White "Elomari, Anas"]
[Black "Hubbard, Michael"]
[Result "1-0"]
[WhiteElo "2100"]
[BlackElo "1913"]
[PlyCount "105"]
[EventDate "2018.01.27"]
[EventType "swiss"]
[EventRounds "5"]
[EventCountry "GGB"]
[SourceTitle "EXT 2019"]
[Source "ChessBase"]
[SourceDate "2018.10.10"]
[SourceVersion "1"]
[SourceVersionDate "2018.10.10"]
[SourceQuality "1"]

1. d4 Nf6 2. Nf3 c5 3. d5 d6 4. c4 e5 5. Nc3 Nbd7 6. e4 Be7 7. h3 h5 8. Be3 a6 9. Bd3 Rb8 10. Qe2 Nf8 11. Nd2 Ng6 12. 0-0-0 h4 13. Kb1 Nh5 14. Ka1 Bg5 15. Rhe1 Bd7 16. Rb1 Nhf4 17. Qf1 Nxd3 18. Qxd3 b5 19. Nf3 Bh6 20. Nd2 Nf4 21. Bxf4 Bxf4 22. Ne2 Bh6 23. Nf3 bxc4 24. Qxc4 Rb4 25. Qc2 0-0 26. Nc3 f5 27. a3 Rb8 28. Nd2 Qg5 29. Nc4 Qe7 30. f3 fxe4 31. Nxe4 Bf5 32. Qa4 Bxe4 33. Rxe4 Qb7 34. Rd1 Bg5 35. Ka2 Rfd8 36. Rd3 Qb5 37. Qc2 Qb7 38. Na5 Qb5 39. Nc6 Rbc8 40. Nxd8 Rxd8 41. Qc4 Rb8 42. Rb3 Qe8 43. Rxb8 Qxb8 44. Qxa6 Bc1 45. b3 Bd2 46. Qd3 Bc1 47. Rxh4 Qa7 48. a4 c4 49. Rxc4 Qf2+ 50. Rc2 Qg1 51. Rc8+ Kf7 52. Qf5+ Ke7 53. Qe6# 1-0

[Event "GBR-ch Major 104th"]
[Site "Llandudno"]
[Date "2017.07.30"]
[Round "2"]
[White "Hubbard, Michael"]
[Black "Tozer, Philip AA"]
[Result "1/2-1/2"]
[WhiteElo "1922"]
[BlackElo "2141"]
[PlyCount "64"]
[EventDate "2017.07.29"]
[EventType "swiss"]
[EventRounds "9"]
[EventCountry "WLS"]
[SourceTitle "CBM 179 Extra"]
[Source "ChessBase"]
[SourceDate "2017.08.23"]
[SourceVersion "1"]
[SourceVersionDate "2017.08.23"]
[SourceQuality "1"]

1. Nf3 Nf6 2. g3 d5 3. Bg2 e6 4. 0-0 Be7 5. d3 0-0 6. Nbd2 c5 7. e4 Nc6 8. Re1 Qc7 9. e5 Nd7 10. Qe2 b5 11. Nf1 Bb7 12. h4 Nd4 13. Nxd4 cxd4 14. Bf4 Rfc8 15. Rec1 Qa5 16. Nd2 Qa4 17. Nb3 Rc7 18. Bd2 Rac8 19. Bg5 Bc5 20. h5 Bf8 21. f4 Qa6 22. g4 Qb6 23. Bh4 Nc5 24. Bf2 Nxb3 25. axb3 a5 26. Bf3 a4 27. c3 Bc5 28. b4 Bxb4 29. Bxd4 Bc5 30. Bxc5 Rxc5 31. d4 Rc4 32. Qe3 Ra8 1/2-1/2

[Event "Gibraltar Challenger op-B"]
[Site "Caleta"]
[Date "2017.01.29"]
[Round "2"]
[White "Byrn, Carsten"]
[Black "Hubbard, Michael"]
[Result "0-1"]
[WhiteElo "2003"]
[BlackElo "1909"]
[PlyCount "102"]
[EventDate "2017.01.28"]
[EventType "swiss"]
[EventRounds "5"]
[EventCountry "GGB"]
[SourceTitle "EXT 2018"]
[Source "ChessBase"]
[SourceDate "2017.10.13"]
[SourceVersion "1"]
[SourceVersionDate "2017.10.13"]
[SourceQuality "1"]

1. c4 c6 2. g3 Nf6 3. Bg2 d5 4. Nf3 Bf5 5. b3 e6 6. 0-0 Bd6 7. Bb2 Nbd7 8. d4 0-0 9. Nbd2 Qc7 10. Rc1 Rad8 11. Re1 Qb8 12. Nh4 Bg4 13. Qc2 Rfe8 14. e4 dxe4 15. Nxe4 Nxe4 16. Bxe4 Nf6 17. Bg2 Bb4 18. Bc3 Bxc3 19. Qxc3 Qd6 20. h3 Bh5 21. g4 Bg6 22. Nxg6 hxg6 23. Rcd1 Re7 24. Re2 Red7 25. Red2 Qf4 26. Qe3 g5 27. Qxf4 gxf4 28. Kf1 g5 29. Ke2 Kg7 30. Bf3 a5 31. Rd3 Rh8 32. Bg2 Re8 33. Kd2 e5 34. dxe5 Rxe5 35. Rxd7 Nxd7 36. Re1 Rxe1 37. Kxe1 Ne5 38. Be4 Kf6 39. f3 Ke6 40. Kd2 Kd6 41. Kc3 Kc5 42. a3 b6 43. b4+ Kd6 44. c5+ bxc5 45. bxa5 Kc7 46. Kb3 Kb7 47. Ka4 Ka6 48. Kb3 Kxa5 49. Bxc6 Nxc6 50. Kc4 Ne5+ 51. Kxc5 Nxf3 0-1

[Event "BCF-ch Weekend Atkins"]
[Site "North Shields"]
[Date "2012.07.29"]
[Round "5.33"]
[White "Hubbard, Michael"]
[Black "Stewardson, David"]
[Result "1-0"]
[WhiteElo "1912"]
[BlackElo "1632"]
[PlyCount "65"]
[EventDate "2012.07.27"]
[EventType "swiss"]
[EventRounds "5"]
[EventCountry "ENG"]
[SourceTitle "EXT 2023"]
[Source "ChessBase"]
[SourceDate "2022.10.05"]
[SourceVersion "1"]
[SourceVersionDate "2022.10.05"]
[SourceQuality "1"]

1. d4 Nf6 2. g3 d5 3. Bg2 Bf5 4. c4 e6 5. Nc3 c6 6. Qb3 Qc8 7. Nf3 Be7 8. Bd2 Nbd7 9. Rc1 dxc4 10. Qxc4 Nb6 11. Qb3 0-0 12. 0-0 Nfd5 13. Rfe1 a5 14. Nxd5 Nxd5 15. e4 a4 16. Qd1 Nb4 17. exf5 Nd3 18. Bc3 Nxc1 19. Qxc1 Bf6 20. g4 exf5 21. g5 Bd8 22. Qd2 Bc7 23. d5 Qd7 24. Ne5 Bxe5 25. Rxe5 cxd5 26. Qd4 f6 27. Rxd5 Qc8 28. gxf6 Rxf6 29. Rd7 Qf8 30. Qc4+ Kh8 31. Bxf6 Qxf6 32. Qd4 Qg5 33. h4 1-0